000 00678nmc a2200277 a 4500
003 AR-BaBNM
005 20251128202727.0
008 066019s1993 ||||||||||||||000 | spa||
020 _a950-843-030-3
040 _cAR-BaBNM
100 1 _aPesl, Ignacio Pedro
245 1 0 _aBases del gran pensamiento argentino
260 _aBuenos Aires
_bVinciguerra
_c1993
300 0 _a234 p.
490 0 _aTesis
500 0 _aGlosario al final del texto
600 0 4 _aPlatón
650 4 _aFILOSOFIA POLITICA
650 4 _aIDEOLOGIAS
650 4 _aTEORIA POLITICA
650 4 _aPOLITICA
650 4 _aETICA POLITICA
651 4 _aArgentina
942 _cBK
998 _cEnrique
999 _c277
_d277